| 000 | 00551nam a2200169 a 4500 | ||
|---|---|---|---|
| 001 | ASIN0835904326 | ||
| 005 | 20140923214506.0 | ||
| 008 | 140923s1980 xxu eng d | ||
| 020 | _a0835904326 (paperback) | ||
| 020 | _a9780835904322 (paperback) | ||
| 100 | 1 | _aHirsch, Seymour. | |
| 245 | 1 | 0 |
_aBasic programming self-taught / _cSeymour Hirsch. |
| 260 |
_a[S.l.] : _bBrady, _c1980. |
||
| 300 |
_a256 p. ; _c23 cm. |
||
| 520 | _aBook by Hirsch, Seymour. | ||
| 856 | 4 | 0 |
_3Amazon.com _uhttp://www.amazon.com/exec/obidos/ASIN/0835904326/chopaconline-20 |
| 999 |
_c10308 _d10308 |
||